Ekonometrická analýza na podnikovej úrovni bakalárska práca

Enregistré dans:
Détails bibliographiques
Auteur principal: Ščepánová, Alžbeta
Collectivité auteur: Fakulta hospodárskej informatiky EU. Katedra operačného výskumu a ekonometrie
Autres auteurs: Ostrihoň, Filip
Format: Livre
Langue:slovaque
Publié: Bratislava 2015
Tags: Ajouter un tag
Pas de tags, Soyez le premier à ajouter un tag!

MARC

LEADER 00000nbm a2200000 4500
001 0203712
005 20161212114942.0
041 0 |a slo 
044 |a SK 
245 1 0 |a Ekonometrická analýza na podnikovej úrovni  |b bakalárska práca  |c Alžbeta Ščepánová ; školiteľ: Filip Ostrihoň 
264 1 |a Bratislava  |c 2015 
300 |a 41 s. 
100 1 |a Ščepánová, Alžbeta 
700 1 |a Ostrihoň, Filip 
710 2 |a Fakulta hospodárskej informatiky EU. Katedra operačného výskumu a ekonometrie